| 000 | 00374nam a2200145Ia 4500 | ||
|---|---|---|---|
| 008 | 150509s9999 xx 000 0 und d | ||
| 082 | _a320.5323 MAO | ||
| 100 | _aMao Tse-Tung | ||
| 245 | _aWay is it that red political power can exist in China | ||
| 260 | _aPeking: | ||
| 260 | _bMaoism | ||
| 260 | _c1968 | ||
| 300 | _a133p. ;15cm | ||
| 650 | _aPolitical theoriesCommunism | ||
| 999 |
_c7667 _d7667 |
||